[Event "Challenge"]
[Site "http://www.queenalice.com/game.php?id=511227"]
[Date "2008.12.22"]
[Round "-"]
[White "SeekingBrightBuffalo"]
[Black "TinyDemons"]
[Result "0-1"]
[WhiteElo "1579"]
[BlackElo "1944"]

1. d4 d5 2. Nf3 g6 3. Bf4 Bg7 4. e3 Nf6 5. Nbd2 O-O 6. Bd3 Nc6 7. O-O Nb4 8. Be2
Bf5 9. Ne1 Qd7 10. c3 Nc6 11. Nd3 b6 12. h3 Nd8 13. Nf3 Nh5 14. Bg5 f6 15. Bf4
Nxf4 16. Nxf4 Ne6 17. Nxe6 Bxe6 18. a4 Bh6 19. a5 Rf7 20. axb6 cxb6 21. b3 Bg7
22. c4 f5 23. Qd2 Qc7 24. Qb4 a5 25. Qb5 Qd6 26. Qa4 Bd7 27. Qa3 Bc6 28. Qxd6
exd6 29. Ng5 Rf6 30. g3 Bh6 31. Nf3 dxc4 32. bxc4 Bd7 33. h4 Rc8 34. Rab1 Rb8
35. Nd2 Re6 36. d5 Re7 37. Rb3 f4 38. gxf4 Bxf4 39. Rfb1 Bf5 40. R1b2 Rbe8 41.
Nf1 Be5 42. Ra2 Rb8 43. Nd2 Bf6 44. Nb1 Bxh4 45. Nc3 Rf7 46. f3 Bd7 47. Bd1 Rf5
48. Nb5 Bxb5 49. Rxb5 Rg5+ 50. Rg2 Rb7 51. f4 Rxg2+ 52. Kxg2 Bd8 53. Kf3 Rf7 54.
e4 g5 55. f5 h5 56. Rb1 h4 57. Be2 Rg7 58. Rg1 h3 59. Kg3 Rh7 60. Rh1 a4 0-1

[Event "Challenge"]
[Site "http://www.queenalice.com/game.php?id=512732"]
[Date "2008.12.26"]
[Round "-"]
[White "TinyDemons"]
[Black "SeekingBrightBuffalo"]
[Result "1-0"]
[WhiteElo "1865"]
[BlackElo "1581"]

1. d4 d5 2. Nc3 Nf6 3. h3 Bf5 4. Nf3 e6 5. Bg5 h6 6. Bh4 c5 7. e3 Nc6 8. Bb5 a6
9. Bxc6+ bxc6 10. Ne5 Qc7 11. Bg3 Qb7 12. b3 cxd4 13. exd4 c5 14. Rc1 Rc8 15.
Ne2 Nd7 16. Nxd7 Qxd7 17. O-O Be7 18. Be5 f6 19. Bf4 O-O 20. Qd2 g5 21. Bg3 Rc6
22. c4 dxc4 23. Rxc4 cxd4 24. Rxd4 Qb7 25. Rd7 Qc8 26. Rxe7 Rd8 27. Qb2 e5 28.
Bxe5 fxe5 29. Qxe5 Rg6 30. Ng3 Bd3 31. Nh5 Bxf1 32. Rg7+ Kf8 33. Qe7# 1-0

[Event "Challenge"]
[Site "http://www.queenalice.com/game.php?id=530134"]
[Date "2009.1.27"]
[Round "-"]
[White "TinyDemons"]
[Black "SeekingBrightBuffalo"]
[Result "0-1"]
[WhiteElo "1972"]
[BlackElo "1557"]

1. d4 d5 2. c4 c6 3. c5 e5 4. Be3 exd4 5. Bxd4 Na6 6. Nf3 Nxc5 7. e3 Nf6 8. Be2
Bf5 9. Nc3 Nce4 10. O-O Be7 11. Nxe4 Nxe4 12. Bxg7 Rg8 13. Bh6 Bh3 14. g3 Bxf1
15. Qxf1 Bd6 16. Bf4 Bxf4 17. exf4 Qb6 18. b3 O-O-O 19. Rc1 a6 20. Ne5 f6 21.
Nf7 Rd7 22. Nh6 Rg6 23. Nf5 Rg8 24. Ne3 Kb8 25. Qd1 d4 26. Nc4 Qc7 27. Bg4 Rd5
28. Be6 Rgd8 29. Bxd5 Rxd5 30. a4 b6 31. Qd3 Nc5 32. Re1 b5 33. Re8+ Rd8 34.
Rxd8+ Qxd8 35. Nd2 Nxd3 0-1

[Event "Challenge"]
[Site "http://www.queenalice.com/game.php?id=549459"]
[Date "2009.3.3"]
[Round "-"]
[White "SeekingBrightBuffalo"]
[Black "TinyDemons"]
[Result "0-1"]
[WhiteElo "1587"]
[BlackElo "1954"]

1. d4 Nf6 2. Nf3 d5 3. Bf4 Nc6 4. e3 e6 5. c4 Bb4+ 6. Nbd2 Ne4 7. Bd3 Nxd2 8.
Nxd2 Na5 9. b3 dxc4 10. bxc4 c5 11. O-O O-O 12. a4 Bc3 13. Ra3 cxd4 14. exd4
Bxd4 15. Nf3 Bc5 16. Qb1 Bxa3 0-1

[Event "Challenge"]
[Site "http://www.queenalice.com/game.php?id=755719"]
[Date "2010.4.3"]
[Round "-"]
[White "SeekingBrightBuffalo"]
[Black "specktro"]
[Result "1-0"]
[WhiteElo "1559"]
[BlackElo "1706"]

1. d4 d5 2. Nf3 e6 3. Bf4 Bd6 4. e3 Nf6 5. Bd3 O-O 6. O-O c5 7. Bxd6 Qxd6 8. b3
Qc6 9. Nbd2 Ne4 10. c4 cxd4 11. Nxe4 dxe4 12. Nxd4 Qc7 13. Bxe4 Rd8 14. Qf3 Nc6
15. Rfd1 Bd7 16. Rd2 e5 17. Nxc6 bxc6 18. Rad1 Be8 19. Rxd8 Rxd8 20. Rxd8 Qxd8
21. h3 f6 22. g4 Qd2 23. Bxc6 Bxc6 24. Qxc6 Qxa2 25. Qe8# 1-0

[Event "Challenge1"]
[Site "http://www.queenalice.com/game.php?id=788075"]
[Date "2010.6.10"]
[Round "-"]
[White "SeekingBrightBuffalo"]
[Black "oirelaw"]
[Result "1-0"]
[WhiteElo "1612"]
[BlackElo "1788"]

1. d4 d5 2. Nf3 Nc6 3. Bf4 Nf6 4. e3 e6 5. c4 Bb4+ 6. Nbd2 Ne4 7. Bd3 Nxd2 8.
Nxd2 dxc4 9. Bxc4 Bd6 10. Qf3 Bxf4 11. Qxf4 Nb4 12. O-O a6 13. a3 g5 14. Qe4 Nc6
15. b4 Qe7 16. b5 Na5 17. bxa6 bxa6 18. Qxa8 O-O 19. Qe4 Nxc4 20. Nxc4 Qf6 21.
Qc6 Qe7 22. Rfc1 Rd8 23. Rab1 Qd7 24. Na5 Qe7 25. Qxc7 Qe8 26. Rb8 Kg7 27. Nc6
Rd7 28. Qxc8 Qxc8 29. Rxc8 Rb7 30. Ra8 Rb6 31. a4 Kf6 32. a5 Rb5 33. Rxa6 Rd5
34. Rb6 Rxa5 35. Nxa5 h6 36. Rc5 Ke7 37. g4 Kf8 38. Rc7 Kg7 39. f4 gxf4 40. exf4
Kf6 41. h4 Kg7 42. f5 exf5 43. gxf5 h5 44. Rbb7 Kh6 45. Rb6+ Kg7 46. Nc4 Kf8 47.
Ne5 Kg7 48. Nxf7 Kf8 49. Ne5 Ke8 50. Rb8# 1-0

[Event "Challenge1"]
[Site "http://www.queenalice.com/game.php?id=788077"]
[Date "2010.6.10"]
[Round "-"]
[White "SeekingBrightBuffalo"]
[Black "oirelaw"]
[Result "0-1"]
[WhiteElo "1614"]
[BlackElo "1739"]

1. d4 d5 2. Nf3 Nf6 3. Bf4 Nc6 4. e3 e6 5. c4 Bd6 6. Bxd6 cxd6 7. b3 dxc4 8.
bxc4 Qa5+ 9. Nbd2 O-O 10. Be2 Qd8 11. O-O b6 12. a3 d5 13. Qc2 Ba6 14. Rfe1 Na5
15. cxd5 Bxe2 16. Rxe2 Qxd5 17. h3 Rac8 18. Qd3 Nc4 19. Nxc4 Rxc4 20. Rc2 Rxc2
21. Qxc2 h6 22. Qc7 Qd7 23. Qxd7 Nxd7 24. Ne5 Nxe5 25. dxe5 Rc8 26. Rd1 Kf8 27.
g4 Rc3 28. a4 Ra3 29. Rd4 g6 30. Kg2 Kg7 31. f4 Rxe3 32. Kf2 Rxh3 33. Rd7 a5 34.
Rb7 Ra3 35. Rxb6 Rxa4 36. Kf3 Ra3+ 37. Kg2 Rd3 38. Rb2 Rd7 39. Ra2 Ra7 40. Kg3
f6 41. exf6+ Kxf6 42. Ra4 g5 43. fxg5+ Kxg5 44. Kf3 h5 45. gxh5 Kxh5 46. Kf4 Kg6
47. Ke5 Kf7 48. Ra3 a4 49. Ke4 Kf6 50. Kd4 e5+ 51. Ke4 Ke6 52. Kd3 Kf5 53. Ke3
e4 54. Kd2 Kf4 55. Ke2 Ra6 56. Kd2 e3+ 57. Ke2 Ra5 58. Ke1 Kf3 59. Ra2 a3 60.
Kd1 e2+ 61. Ke1 Ra4 62. Kd2 Rd4+ 63. Kc3 Rd1 64. Rxa3 e1=Q+ 65. Kc4+ Kf2 66. Rb3
Qe6+ 67. Kc3 Qc6+ 68. Kb2 Ke2 69. Rb4 Rd2+ 70. Kb3 Qc2+ 71. Ka3 Qa2# 0-1

[Event "Challenge"]
[Site "http://www.queenalice.com/game.php?id=789309"]
[Date "2010.6.13"]
[Round "-"]
[White "EternalChess"]
[Black "SeekingBrightBuffalo"]
[Result "0-1"]
[WhiteElo "1582"]
[BlackElo "1597"]

1. e4 e5 2. Nf3 Nc6 3. d4 exd4 4. Nxd4 Bc5 5. Nxc6 bxc6 6. Bd3 Ne7 7. Nc3 O-O 8.
Be3 Bxe3 9. fxe3 Rb8 10. b3 Re8 11. Qf3 Ng6 12. Rf1 Ne5 13. Bc4 Nxf3+ 14. Rxf3
Re7 15. O-O-O d6 16. Rdf1 Be6 17. Bxe6 fxe6 18. g3 h6 19. h4 d5 20. Rd1 Rf7 21.
Rf4 Rxf4 22. exf4 Qf6 23. e5 Qf5 24. Na4 Qh3 25. Rd3 Rb4 26. Nc5 Kf7 27. Kb2 g5
28. a3 Rb8 29. Na6 Rg8 30. Nxc7 gxf4 31. gxf4 Qxh4 32. Rd4 Qf2 33. Kc3 Qf1 34.
Kb4 Rc8 35. Na6 Qxa6 0-1

[Event "Challenge"]
[Site "http://www.queenalice.com/game.php?id=789310"]
[Date "2010.6.13"]
[Round "-"]
[White "SeekingBrightBuffalo"]
[Black "EternalChess"]
[Result "1-0"]
[WhiteElo "1581"]
[BlackElo "1570"]

1. d4 d5 2. Nf3 Nf6 3. Bf4 Nc6 4. e3 Bg4 5. Be2 Bxf3 6. Bxf3 e6 7. O-O Bd6 8.
Bxd6 Qxd6 9. Be2 a6 10. c4 O-O-O 11. Nc3 h5 12. h3 e5 13. dxe5 Qxe5 14. cxd5
Nxd5 15. Qc2 Ncb4 16. Qb3 Nxc3 17. bxc3 Nd3 18. Qxf7 Qxc3 19. Rfd1 Qc2 20. Qf5+
Kb8 21. Bxd3 Qc3 22. Be2 Rxd1+ 23. Rxd1 Qb2 24. Bf3 g6 25. Qxg6 Qxa2 26. Bxh5
Rf8 27. f4 Qc2 28. Qxc2 1-0

[Event "AUTO-INT-1787"]
[Site "http://www.queenalice.com/game.php?id=817863"]
[Date "2010.8.13"]
[Round "1"]
[White "Taimanovbr"]
[Black "SeekingBrightBuffalo"]
[Result "1-0"]
[WhiteElo "1724"]
[BlackElo "1594"]

1. Nf3 d5 2. d4 Bf5 3. c4 c6 4. e3 Nf6 5. Nc3 e6 6. Be2 h6 7. O-O Nbd7 8. b3 Be7
9. Bb2 O-O 10. Re1 c5 11. cxd5 exd5 12. dxc5 Nxc5 13. b4 Ne6 14. Nd4 Bxb4 15.
Nxf5 Rc8 16. Rc1 Qa5 17. Qb3 Rfd8 18. Red1 Kh7 19. Nd4 Nxd4 20. Rxd4 Bxc3 21.
Rxc3 Rxc3 22. Bxc3 Qc7 23. Bf3 b6 24. g3 a5 25. Kg2 1-0

[Event "AUTO-INT-1787"]
[Site "http://www.queenalice.com/game.php?id=817864"]
[Date "2010.8.13"]
[Round "1"]
[White "SeekingBrightBuffalo"]
[Black "Taimanovbr"]
[Result "0-1"]
[WhiteElo "1583"]
[BlackElo "1752"]

1. d4 Nf6 2. Nf3 d5 3. Bf4 Bf5 4. e3 e6 5. c4 c6 6. Nc3 Nbd7 7. a3 Be7 8. h3 O-O
9. Bd3 Bxd3 10. Qxd3 dxc4 11. Qxc4 c5 12. O-O a6 13. dxc5 Nxc5 14. b4 Ncd7 15.
Rfd1 Rc8 16. Qb3 Qe8 17. Rac1 Kh8 18. Ne2 b5 19. g4 Nb6 20. Ne5 Rxc1 21. Rxc1
Nfd5 22. Bg3 Nc4 23. Nxc4 bxc4 24. Rxc4 Qa8 25. Qa4 Nb6 0-1

[Event "AUTO-INT-1787"]
[Site "http://www.queenalice.com/game.php?id=817877"]
[Date "2010.8.13"]
[Round "1"]
[White "TomTheKing"]
[Black "SeekingBrightBuffalo"]
[Result "1-0"]
[WhiteElo "1547"]
[BlackElo "1574"]

1. e4 e5 2. Nf3 Nc6 3. Bb5 Bc5 4. Qe2 Nf6 5. d4 exd4 6. e5 Nd5 7. Bxc6 dxc6 8.
Bg5 Qd7 9. Nbd2 O-O 10. Ne4 Be7 11. Qd2 c5 12. c4 Nb4 13. a3 Nc6 14. O-O Qe6 15.
Rac1 Nxe5 16. Rfe1 Nxc4 17. Qf4 c6 18. Nf6+ Bxf6 19. Rxe6 Bxe6 20. Bxf6 gxf6 21.
Qxf6 Rfe8 22. Ng5 Nd6 23. Rxc5 d3 24. Nxh7 Ne4 25. Rg5+ Kxh7 26. Qg7# 1-0

[Event "AUTO-INT-1787"]
[Site "http://www.queenalice.com/game.php?id=817878"]
[Date "2010.8.13"]
[Round "1"]
[White "SeekingBrightBuffalo"]
[Black "TomTheKing"]
[Result "0-1"]
[WhiteElo "1557"]
[BlackElo "1564"]

1. d4 Nc6 2. Nf3 d6 3. Bf4 Bg4 4. e3 e5 5. dxe5 dxe5 6. Bg3 Qxd1+ 7. Kxd1 O-O-O+
8. Nd2 e4 9. h3 Bxf3+ 10. gxf3 exf3 11. Bd3 Bd6 12. Bxd6 Rxd6 13. Nxf3 Nf6 14.
Kc1 Re8 15. b3 h6 16. Kb2 Ne4 17. Bxe4 Rxe4 18. Rad1 Rf6 19. Nd2 Re5 20. Nc4 Rc5
21. f4 Re6 22. Rd3 Nb4 23. Rd2 b5 24. Na3 Rxe3 25. h4 f5 26. Nb1 Rf3 0-1

[Event "AUTO-INT-1787"]
[Site "http://www.queenalice.com/game.php?id=817887"]
[Date "2010.8.13"]
[Round "1"]
[White "SeekingBrightBuffalo"]
[Black "zemaria"]
[Result "0-1"]
[WhiteElo "1603"]
[BlackElo "1783"]

1. d4 d5 2. Nf3 Nc6 3. Bf4 e6 4. e3 Nf6 5. c4 Nb8 6. Nbd2 Bd6 7. Bxd6 Qxd6 8.
Bd3 c5 9. O-O cxd4 10. Nxd4 Bd7 11. Qc2 a6 12. cxd5 exd5 13. h3 Nc6 14. N2f3 Rc8
15. Nxc6 Rxc6 16. Qd2 O-O 0-1

[Event "AUTO-INT-1787"]
[Site "http://www.queenalice.com/game.php?id=817888"]
[Date "2010.8.13"]
[Round "1"]
[White "zemaria"]
[Black "SeekingBrightBuffalo"]
[Result "1-0"]
[WhiteElo "1864"]
[BlackElo "1620"]

1. e4 e5 2. Nf3 Nc6 3. d4 exd4 4. Nxd4 Nxd4 5. Qxd4 b6 6. Nc3 d6 7. Qd5 Be6 8.
Qd1 f5 9. Bd3 fxe4 10. Bxe4 Nf6 11. Bxa8 1-0

[Event "Challenge"]
[Site "http://www.queenalice.com/game.php?id=818569"]
[Date "2010.8.15"]
[Round "-"]
[White "ORNELAS"]
[Black "SeekingBrightBuffalo"]
[Result "1-0"]
[WhiteElo "1648"]
[BlackElo "1635"]

1. b3 e5 2. d4 f6 3. dxe5 fxe5 4. Bb2 Nc6 5. Nd2 Bc5 6. e3 d6 7. Ngf3 Bf5 8. Bc4
Nf6 9. O-O Qe7 10. Ng5 h6 11. Bf7+ Kd7 12. Ndf3 Raf8 13. Bc4 a6 14. a3 hxg5 15.
Nxg5 Ne4 16. Be6+ Bxe6 17. Nxe4 g5 18. b4 Ba7 19. c4 Bxc4 20. Re1 Rhg8 21. Rc1
Be6 22. Qa4 g4 23. Bxe5 dxe5 24. Nc5+ Bxc5 25. bxc5 Kc8 26. g3 Rd8 27. Qc2 1-0